Физические методы и вопросы метрологии биомедицинских измерений : (Record no. 84071)
[ view plain ]
| 000 -LEADER | |
|---|---|
| fixed length control field | 01633nam a2200265 u 4500 |
| 001 - CONTROL NUMBER | |
| control field | 000237561 |
| 003 - CONTROL NUMBER IDENTIFIER | |
| control field | AM-YeHGA |
| 005 - DATE AND TIME OF LATEST TRANSACTION | |
| control field | 20250617124714.0 |
| 008 - FIXED-LENGTH DATA ELEMENTS--GENERAL INFORMATION | |
| fixed length control field | 030620s1976 ai r 000 0 rus d |
| 040 ## - CATALOGING SOURCE | |
| Original cataloging agency | AM-YeHGA |
| 090 ## - LOCALLY ASSIGNED LC-TYPE CALL NUMBER (OCLC); LOCAL CALL NUMBER (RLIN) | |
| -- | 85346 |
| 245 00 - TITLE STATEMENT | |
| Title | Физические методы и вопросы метрологии биомедицинских измерений : |
| Remainder of title | Тезисы докладов IV Всесоюзного семинара-совещания : 24-27 мая, 1976 г. / |
| Statement of responsibility, etc. | Под ред. Р.С. Дадашева ; Всесоюзный научно-исследовательский институт физико-технических и радиотехнических измерений. |
| 260 ## - PUBLICATION, DISTRIBUTION, ETC. | |
| Place of publication, distribution, etc. | Москва : |
| Name of publisher, distributor, etc. | [Б. и.], |
| Date of publication, distribution, etc. | 1976. |
| 300 ## - PHYSICAL DESCRIPTION | |
| Extent | 339 с. ; |
| Dimensions | 20 см. |
| 650 14 - SUBJECT ADDED ENTRY--TOPICAL TERM | |
| Topical term or geographic name entry element | Конференции |
| 650 14 - SUBJECT ADDED ENTRY--TOPICAL TERM | |
| Topical term or geographic name entry element | Биомедицинские исследования |
| 650 14 - SUBJECT ADDED ENTRY--TOPICAL TERM | |
| Topical term or geographic name entry element | Биометрия |
| General subdivision | Методы |
| -- | Оборудование |
| 650 14 - SUBJECT ADDED ENTRY--TOPICAL TERM | |
| Topical term or geographic name entry element | Колориметрия |
| General subdivision | Методы |
| -- | Оборудование |
| 650 14 - SUBJECT ADDED ENTRY--TOPICAL TERM | |
| Topical term or geographic name entry element | Электродиагностика |
| General subdivision | Методы |
| -- | Оборудование |
| 650 14 - SUBJECT ADDED ENTRY--TOPICAL TERM | |
| Topical term or geographic name entry element | Радиометрия |
| General subdivision | Методы |
| -- | Оборудование |
| 650 14 - SUBJECT ADDED ENTRY--TOPICAL TERM | |
| Topical term or geographic name entry element | Научные исследования |
| 700 1# - ADDED ENTRY--PERSONAL NAME | |
| Personal name | Дадашева, Р.С. |
| Relator term | ред. |
| Relationship | edt |
| 710 2# - ADDED ENTRY--CORPORATE NAME | |
| Corporate name or jurisdiction name as entry element | Всесоюзный научно-исследовательский институт физико-технических и радиотехнических измерений |
| 711 2# - ADDED ENTRY--MEETING NAME | |
| Meeting name or jurisdiction name as entry element | Всесоюзный семинар-совещания |
| Number of part/section/meeting | (4 ; |
| Date of meeting or treaty signing | 1976 ; |
| Location of meeting | Москва) |
| Withdrawn status | Lost status | Source of classification or shelving scheme | Damaged status | Not for loan | Collection | Home library | Current library | Date acquired | Total checkouts | Full call number | Barcode | Date last seen | Price effective from | Koha item type | Public note |
|---|---|---|---|---|---|---|---|---|---|---|---|---|---|---|---|
| Universal Decimal Classification | General | Fundamental Scientific Library | Fundamental Scientific Library | 22/12/2016 | PII/374750 | FL0348150 | 22/12/2016 | 22/12/2016 | Գրքեր / Books | 30 Days Loan |
ՀՀ Գիտությունների ազգային ակադեմիայի հիմնարար գիտական գրադարան = Fundamental Scientific Library of NAS RA
All site content, except where otherwise noted, is licensed under a